[Event "Crailsheim op 4th"]
[Site "Crailsheim"]
[Date "1998.??.??"]
[Round "?"]
[White "Kipper, Jens"]
[Black "Rusnov, Dusan"]
[Result "1-0"]
[WhiteElo "2215"]
[BlackElo "1700"]
[PlyCount "113"]
[EventDate "1998.05.??"]
[EventType "swiss"]
[EventRounds "7"]
[EventCountry "GER"]
[SourceTitle "EXT 2006"]
[Source "ChessBase"]
[SourceDate "2005.11.24"]
[SourceVersion "1"]
[SourceVersionDate "2005.11.24"]
[SourceQuality "1"]

1. Nf3 Nf6 2. c4 d6 3. d4 g6 4. Nc3 Bg7 5. e4 c6 6. Be2 Bg4 7. 0-0 0-0 8. Be3 Bxf3 9. Bxf3 e6 10. Qd2 Nfd7 11. Rfd1 Qa5 12. Rab1 Qd8 13. Bg5 Bf6 14. Bh6 Re8 15. g3 a6 16. a4 Nf8 17. h4 Nbd7 18. Kg2 Rb8 19. Be2 Bg7 20. h5 Bxh6 21. Qxh6 Qf6 22. hxg6 fxg6 23. Rd3 Re7 24. Qd2 Rf7 25. Bg4 h5 26. Rf3 Qg7 27. Rxf7 Qxf7 28. Bh3 Kg7 29. f4 Qe7 30. f5 g5 31. fxe6 Nxe6 32. Bxe6 Qxe6 33. Qxg5+ Qg6 34. Qe7+ Qf7 35. Qxf7+ Kxf7 36. Rh1 Rh8 37. Ne2 Kg6 38. Kf3 Rh6 39. Rh4 Kg5 40. Rf4 Rf6 41. Rxf6 Nxf6 42. Nf4 b6 43. Ne6+ Kg6 44. Nd8 c5 45. dxc5 dxc5 46. e5 Ng4 47. Ke4 a5 48. Ne6 Nf2+ 49. Kd5 Nd3 50. b3 Kf5 51. Ng7+ Kg6 52. Ne8 Kf7 53. Nf6 Kg6 54. Kd6 Nb4 55. e6 Kxf6 56. e7 Kf7 57. Kd7 1-0